<?xml version="1.0" encoding="UTF-8"?>
<marc:record xmlns:marc="http://www.loc.gov/MARC21/slim">
   <marc:leader>00000nam a2200000 a 4500</marc:leader>
   <marc:datafield ind1="0" ind2="0" tag="245">
      <marc:subfield code="a">Monsterfalle</marc:subfield>
   </marc:datafield>
   <marc:datafield ind1="0" ind2="0" tag="245">
      <marc:subfield code="b">; Schubs.....und schwups!</marc:subfield>
   </marc:datafield>
   <marc:datafield ind1=" " ind2="1" tag="264">
      <marc:subfield code="b">Kosmos USM Audio</marc:subfield>
   </marc:datafield>
   <marc:datafield ind1="1" ind2=" " tag="520">
      <marc:subfield code="a">ab 6 Jahren 2-4 Spieler Die Monster sind los!!! Super, denn sie sorgen für ganz viel Spaß in der alten Villa. Doch plötzlich steht Oma Frieda vor der Tür- und die würde vor den Monstern fürchterlich erschrecken.... Helft alle mit, die Monster einzufangen!</marc:subfield>
   </marc:datafield>
</marc:record>
